Xxv faapi annual congress : the challenger of globalization for tefl /

Guardado en:
Autor Principal: Federacion Argentina De Asociaciones De Profesores De Ingles
Otros Autores: Api- Bahia Blanca
Formato: Libro
Publicado: Bahia Blanca : Ministerio De Cultura Y Educacion De La Nacion, 1998
Series:Xxv Faapi Annual Congress
Materias:
Etiquetas: Agregar Etiqueta
Sin Etiquetas, Sea el primero en etiquetar este registro!
LEADER 00829nam a22002295a 4500
001 EHU.bham024084
003 AR-BHAM
005 20130507115857.0
008 130507s1998##################000#0#####d
082 4 1 |a 410 
100 1 |a Federacion Argentina De Asociaciones De Profesores De Ingles 
245 1 0 |a Xxv faapi annual congress :  |b the challenger of globalization for tefl /  |c Ederacion Argentina De Asociaciones De Profesores De Ingles , Pi- Bahia Blanca , 
260 |a Bahia Blanca :  |b Ministerio De Cultura Y Educacion De La Nacion,  |c 1998 
300 |a 152 p. 
490 0 |a Xxv Faapi Annual Congress 
500 |a Bahia Blanca: 24 Al 23/09/1998 
653 |a Congresos 
653 |a Actas 
653 |a Jornadas 
653 |a Ingles 
700 1 |a Api- Bahia Blanca 
859 |a AR-BHAM  |b BIB. HUMANIDADES - General  |h 410  |i F317  |p 623.01  |t Ej.1